Publicités par images - Statistiques

Statistiques générales
  • Ce quiz a été pris 761 fois
  • Le résultat moyen est 11 sur 16
Statistiques - réponses
Par images Réponse % Correct
McDonald's
97%
M&M's
97%
Free
96%
Oasis
96%
Kinder
94%
Tipiak
83%
Nespresso
81%
Red Bull
79%
Groupama
76%
Vendezvotrevoiture.fr
71%
Fiat
70%
Maaf
70%
Comme j'aime
52%
Cofidis
51%
Intermarché
20%
Total Direct Energie
13%
Aucun quiz correspondant
Distribution des résultats
% des personnes avec chaque résultat
Percentile par nombre de réponses
Votre historique - résultats
Vous n’avez pas pris ce quiz